000 00509nam a2200217Ia 4500
003 OSt
005 20221005120526.0
006 a|||||r|||| 00| 0
007 ta
008 221004b |||||||| |||| 00| 0 eng d
024 _a120768
037 _cTextual
040 _aCRL
_cCRL
_beng
041 _2eng
_aeng
100 _aKolmogorov A N
245 0 _aElements of the theory of femetries
260 _c1961
650 _aPHYSICS
942 _cTEXL
_2cc
999 _c1038350
_d1038350